000 00626nam a2200217Ia 4500
001 15230
003 GE_BSU
008 181216s||||||||xx |||||||||||||| ||und||
040 _cGE_BSU
080 _a821.353.1-31
100 _aშენგელაია,დემნა
245 _aწითელი ყაყაჩო
245 _bრომანი
245 _cრედ.რ.გვეტაძე
260 _aთბილისი
260 _bსაბჭოთა მწერალი
260 _c1949
300 _a193გვ.20სმ.
653 _aწითელი ყაყაჩო
942 _cBK
999 _c48342
_d48342